000 00749cam a2200229 4500
001 ABS64417
008 010912n2001 000 0 eng u
035 _a(Sirsi) u114552
100 _aRudlin, D
245 _aStreetwise streetscape
260 _c2001
490 _aLandscape Design
_v(303) September 2001, 18-20(3)
520 _aOffers advice on improving the discipline of urban design since it has become one the most sought-after skills in the design world in recent years.
590 _aABS
650 _aURBAN DESIGN
650 _aTOWNSCAPES
650 _aURBAN PLANNING
650 _aURBAN DEVELOPMENT
650 _aURBAN DESIGN POLICIES
690 _aENVIRONMENTAL AND LAND CONSULTANCY-PLANNING AND DEVELOPMENT
942 _n0
999 _c68254
_d68254